• 首页
  • 本馆介绍
  • 公告通知
  • 最新文献
  • 馆藏检索
  • 电子资源
  • 读者导购
  • 参考咨询
  • 我的图书馆
  • 登录
  • 详细信息显示
  • 放入我的书架
  • 预约/预借图书
  • 作者相关作品
  • 分类相关作品
  • 丛书相关作品
  • 出版社相关作品

书目信息

  • 表格格式
  • 工作单格式
  • 卡片格式
题名:
丝瓜、苦瓜大棚技术问答
    
 
作者: 胡永军 主编
分册:  
出版信息: 北京   化学工业出版社  2010
页数: 175页
开本: 21cm
丛书名: 寿光科学种菜经验问答丛书
单 册:
中图分类: S642.4 , S642.5
科图分类:
主题词: 丝瓜--大棚栽培 , 苦瓜--大棚栽培 , 丝瓜 , 大棚栽培 , 苦瓜
电子资源:
ISBN: 978-7-122-08467-5
000 01028oam2 2200313 45
001 1132078249
005 20110314091943.09
010    @a978-7-122-08467-5@dCNY18.00
100    @a20110122d2010 em y0chiy50 ea
101 0  @achi
102    @aCN@b110000
105    @aa z 000yy
106    @ar
200 1  @a丝瓜、苦瓜大棚技术问答@ASi Gua、 Ku Gua Da Peng Ji Shu Wen Da@f胡永军主编@FHu Yong Jun Zhu Bian
210    @a北京@c化学工业出版社@d2010
215    @a175页@c图@d21cm
225 2  @a寿光科学种菜经验问答丛书
330    @a本书介绍了寿光菜农在丝瓜、苦瓜保护地栽培中的种植经验与关键技术,常见的疑难问题及解决办法。具体包括温室栽培、优良品种选择、育苗技术、栽培管理、病虫害防治等问题。
461  0 @12001 @a寿光科学种菜经验问答丛书
606 0  @a丝瓜@x大棚栽培
606 0  @a苦瓜@x大棚栽培
606 0  @a丝瓜
606 0  @a大棚栽培
606 0  @a苦瓜
690    @aS642.4@v4
690    @aS642.5@v4
701  0 @a胡永军@AHu Yong Jun@4主编
801  0 @aCN@bTANGWEI@c20110314
905    @b0532364-67@dS642.4@e226@f4
    
    丝瓜、苦瓜大棚技术问答/胡永军主编.-北京:化学工业出版社,2010
    175页:图;21cm.-(寿光科学种菜经验问答丛书)
    
    
    ISBN 978-7-122-08467-5:CNY18.00
    本书介绍了寿光菜农在丝瓜、苦瓜保护地栽培中的种植经验与关键技术,常见的疑难问题及解决办法。具体包括温室栽培、优良品种选择、育苗技术、栽培管理、病虫害防治等问题。
●
相关链接 在E读中查询图书 在五车中查询图书 在当当中查询图书 在豆瓣中查询图书


正题名:丝瓜、苦瓜大棚技术问答     索取号:S642.4/226         预约/预借

序号 登录号 条形码 馆藏地/架位号 状态 备注
1 0532364   205323648   第二样本阅览室/ [索取号:S642.4/226] 在馆    
2 0532365   205323657   第三借阅区/ [索取号:S642.4/226] 在馆    
3 0532366   205323666   第三借阅区/ [索取号:S642.4/226] 在馆    
4 0532367   205323675   密集书库-生命科学系/ [索取号:S642.4/226] 在馆    
唐山师范学院图书馆 欢迎您!
大连网信软件有限公司© 版权所有